000 00366nam a22001577a 4500
005 20160629093955.0
008 160629b xxu||||| |||| 00| 0 eng d
020 _a0-07-025299-6
041 _aeng
082 _b10797
245 _aHarvard Business Review Effective Communication
260 _bHarvard
300 _a260
650 _aManagement
_9241
942 _cBK
999 _c4575
_d4573